Spaniards - Sudden Death - Statistics

General Stats
  • This quiz has been taken 234 times
  • The average score is 15 of 19
Answers on the Grid
Answers color-coded by a green-red scale on the quiz's grid according to % correct below.
Miguel de Cervantes
Pablo Picasso
Andrea Bocelli
Fernando Alonso
Antonio Banderas
Rafael Nadal
Caravaggio
Hernán Cortés
Niccolo Machiavelli
Diego Velázquez
Silvio Berlusconi
Plácido Domingo
Montserrat Caballé
Gianluigi Buffon
Salvador Dalí
Benito Mussolini
Pau Gasol
Luciano Pavarotti
David Villa
Michelangelo
Francisco Franco
Sandro Botticelli
Dante Alighieri
Pedro Almodóvar
Rosalía
Xabi Alonso
Federico Fellini
Enrique Iglesias
Javier Bardem
Francisco Goya
 
Answer Stats
Answer % Correct
Pablo Picasso
96%
Miguel de Cervantes
89%
Enrique Iglesias
85%
Rafael Nadal
85%
Antonio Banderas
84%
Fernando Alonso
82%
Salvador Dalí
82%
Diego Velázquez
81%
Francisco Franco
81%
Hernán Cortés
80%
Xabi Alonso
80%
Pedro Almodóvar
78%
Francisco Goya
77%
Javier Bardem
77%
David Villa
76%
Plácido Domingo
76%
Pau Gasol
72%
Rosalía
70%
Montserrat Caballé
68%
No matching quizzes found
Score Distribution
Percent of People with Each Score
Percentile by Number Answered
Your Score History
You have not taken this quiz